000 01045nam a2200253Ia 4500
003 Ost
005 20260507075349.0
008 260507s9999||||xx |||||||||||||| ||und||
020 _a75042499579
040 _cfsecg
041 _aara
082 _a330
100 _aطالب، علاء فرحان
_eمؤلف
245 0 _aفلسفة التسويق الأخضر /
_c علاء فرحان طالب
250 _aطبعة 2
260 _aعمان:
_bدار صفاء للنشر والتوزيع,
_c2014
300 _a314 صفحة؛
_bإيضاحات ؛
_c24 سم
520 _aالإطار النظري للدراسة- منهجية الدراسة ودراسات سابقة- وصف وتشخيص متغيرات الدراسة- اختبار انموذج الدراسة وفرضياتها- الاستنتاجات والتوصيات
653 _aأدارة المبيعات
653 _aالبيئة والتسويق
653 _aالتسويق
700 _aحبيب، عبد الحسين حسن
_eمؤلف ثانوي
942 _cكتاب
999 _c44127
_d44127